[Event "63rd Bulgarian Team Championship"]
[Site "Sunny Beach"]
[Date "2013.09.22"]
[Round "4"]
[Board "3"]
[White "Kukov, Velislav"]
[Black "Petrov, Marijan"]
[Result "0-1"]
[WhiteElo "2410"]
[BlackElo "2472"]
[PlyCount "84"]
[EventDate "2013.09.19"]
[EventType "team"]
[EventRounds "7"]
[EventCountry "BUL"]
[WhiteTeam "''Maritsa-Iztok'', Radnevo"]
[BlackTeam "''Nayden Voynov'', Vidin"]

1. Nf3 g6 2. g3 Bg7 3. Bg2 e5 4. d3 d5 5. c4 c6 6. O-O Ne7 7. Nbd2 O-O 8. Rb1
h6 9. b4 Be6 10. Qc2 Nd7 11. b5 c5 12. e4 d4 13. Ne1 g5 14. Qd1 Ng6 15. Bf3 Nf6
16. a4 Re8 17. Nb3 Bf8 18. Bd2 Bd6 19. Ng2 Kh7 20. Bh5 g4 21. Bxg6+ fxg6 22.
Na5 Qc7 23. Qb3 Nd7 24. f4 gxf3 25. Rxf3 Rf8 26. Rbf1 Rxf3 27. Rxf3 a6 28. Rf1
axb5 29. Qxb5 b6 30. Nb3 Rb8 31. Qa6 Nf8 32. a5 b5 33. cxb5 Bxb3 34. b6 Qc6 35.
Qa7+ Nd7 36. Rb1 Bc2 37. Rf1 Bb3 38. Rb1 Ba2 39. Rb2 Ra8 40. Rxa2 Rxa7 41. bxa7
c4 42. dxc4 Bc5 0-1

[Event "63rd Bulgarian Team Championship"]
[Site "Sunny Beach"]
[Date "2013.09.22"]
[Round "4"]
[Board "4"]
[White "Simeonov, Stefan"]
[Black "Pantev, Veselin"]
[Result "0-1"]
[WhiteElo "2387"]
[BlackElo "2408"]
[PlyCount "87"]
[EventDate "2013.09.19"]
[EventType "team"]
[EventRounds "7"]
[EventCountry "BUL"]
[WhiteTeam "''Nayden Voynov'', Vidin"]
[BlackTeam "''Maritsa-Iztok'', Radnevo"]

1. e4 c5 2. Nf3 Nc6 3. d4 cxd4 4. Nxd4 e5 5. Nb5 d6 6. N1c3 a6 7. Na3 b5 8. Nd5
Nce7 9. Bg5 h6 10. Bxb5+ axb5 11. Nxb5 Ra7 12. Ndc7+ Rxc7 13. Nxd6+ Qxd6 14.
Qxd6 Rc6 15. Qxe5 hxg5 16. O-O-O Nf6 17. Rd2 Nd7 18. Rhd1 f5 19. Qb5 Rhh6 20.
exf5 Rc5 21. Qa4 Rhc6 22. b3 Nb6 23. Qa7 Bxf5 24. c4 Nxc4 25. bxc4 Rxc4+ 26.
Kb2 g6 27. Rd8+ Kf7 28. Rxf8+ Kxf8 29. Re1 Rc7 30. Qa6 Kf7 31. h3 Rb4+ 32. Ka1
Rc6 33. Qa5 Rcb6 34. a3 R4b5 35. Qd2 Rb3 36. Re3 Rb1+ 37. Ka2 Be6+ 38. Rxe6
Kxe6 39. a4 R1b4 40. Qe3+ Kd6 41. Qg3+ Kd7 42. Qd3+ Kc7 43. Ka3 Nc6 44. Qxg6
0-1

[Event "63rd Bulgarian Team Championship"]
[Site "Sunny Beach"]
[Date "2013.09.22"]
[Round "4"]
[Board "5"]
[White "Badev, Kiril"]
[Black "Velchev, Hristo"]
[Result "0-1"]
[WhiteElo "2343"]
[BlackElo "2309"]
[PlyCount "100"]
[EventDate "2013.09.19"]
[EventType "team"]
[EventRounds "7"]
[EventCountry "BUL"]
[WhiteTeam "''Maritsa-Iztok'', Radnevo"]
[BlackTeam "''Nayden Voynov'', Vidin"]

1. e4 c5 2. Nf3 d6 3. d4 cxd4 4. Nxd4 Nf6 5. Nc3 a6 6. Be2 e5 7. Nb3 Be7 8. O-O
Be6 9. Be3 O-O 10. Qd2 Nbd7 11. a4 Rc8 12. Rfd1 Qc7 13. Qe1 Nb6 14. a5 Nc4 15.
Bxc4 Qxc4 16. Bg5 Rfd8 17. Ra4 Qc7 18. Nc1 Qd7 19. Ra1 h6 20. Bxf6 Bxf6 21. Nd3
Rc4 22. b3 Rcc8 23. Nb4 Bg5 24. Ncd5 Bxd5 25. Rxd5 Qe6 26. Rad1 Rd7 27. Qe2 Be7
28. Nd3 Rdd8 29. Nb2 Rc5 30. Nc4 Rxd5 31. Rxd5 Rc8 32. Qd2 Rc6 33. Qb4 Qc8 34.
h3 Qc7 35. Kf1 g6 36. Ke2 Kg7 37. g4 Kg8 38. Kd3 Kg7 39. Kc3 Rc5 40. Kb2 Rxd5
41. exd5 Qd7 42. Nb6 Qd8 43. Qe4 Bh4 44. Qf3 Qf6 45. Qxf6+ Bxf6 46. b4 e4+ 47.
Kb3 Bd4 48. Nc4 Bxf2 49. Nxd6 e3 50. Kc3 e2 0-1

[Event "63rd Bulgarian Team Championship"]
[Site "Sunny Beach"]
[Date "2013.09.22"]
[Round "4"]
[Board "6"]
[White "Stefanov, Evtim"]
[Black "Panayotov`, Yanko"]
[Result "0-1"]
[WhiteElo "2007"]
[BlackElo "2228"]
[PlyCount "114"]
[EventDate "2013.09.19"]
[EventType "team"]
[EventRounds "7"]
[EventCountry "BUL"]
[WhiteTeam "''Nayden Voynov'', Vidin"]
[BlackTeam "''Maritsa-Iztok'', Radnevo"]

1. e4 c5 2. Nf3 a6 3. d4 cxd4 4. Nxd4 Nf6 5. Nc3 Qc7 6. Bd3 e6 7. O-O Nc6 8.
Nxc6 bxc6 9. Qe2 e5 10. Be3 Be7 11. f4 d6 12. Na4 exf4 13. Rxf4 Be6 14. b3 a5
15. Bb6 Qb8 16. Bd4 O-O 17. Raf1 Nd7 18. c4 Ne5 19. Bb1 Bg5 20. R4f2 c5 21.
Bxe5 dxe5 22. Nxc5 Bc8 23. Kh1 Be7 24. Na4 Bb4 25. Qd3 Be6 26. Nc3 Bc5 27. Rf3
Qb7 28. Nd5 a4 29. Rg3 Kh8 30. Qd2 f6 31. Bc2 axb3 32. Rxb3 Qc6 33. Bd3 Ra7 34.
Rfb1 Qa4 35. R3b2 Bd4 36. Rb8 Rg8 37. h3 Bc5 38. R1b5 Bd4 39. Qe2 Qa3 40. Qc2
Ra8 41. Rxg8+ Bxg8 42. c5 Ra5 43. Rxa5 Qxa5 44. Qb1 Bxc5 45. Bc4 Bd4 46. Ne7
Qc7 47. Bxg8 Qxe7 48. Qb8 g6 49. Bd5+ Kg7 50. a4 Kh6 51. Qc8 Qa3 52. Qc2 Qa1+
53. Kh2 Qg1+ 54. Kg3 Qe1+ 55. Kg4 Qe3 56. h4 Qf4+ 57. Kh3 Bf2 0-1

[Event "63rd Bulgarian Team Championship"]
[Site "Sunny Beach"]
[Date "2013.09.23"]
[Round "5"]
[Board "2"]
[White "Inkiov, Ventzislav"]
[Black "Nabaty, Tamir"]
[Result "0-1"]
[WhiteElo "2408"]
[BlackElo "2575"]
[PlyCount "94"]
[EventDate "2013.09.19"]
[EventType "team"]
[EventRounds "7"]
[EventCountry "BUL"]
[WhiteTeam "''Marek-Union Ivkoni'', Dupnitsa"]
[BlackTeam "''Nayden Voynov'', Vidin"]

1. e4 e5 2. Nf3 Nc6 3. Bc4 Bc5 4. d3 Nf6 5. Nc3 d6 6. Bg5 Na5 7. O-O Nxc4 8.
dxc4 Be6 9. Qd3 h6 10. Bxf6 Qxf6 11. Nd5 Bxd5 12. cxd5 a6 13. b4 Ba7 14. c4 O-O
15. Rac1 Qe7 16. Nd2 g6 17. Nb3 f5 18. c5 Qh4 19. exf5 gxf5 20. Rc4 e4 21. Qc2
b5 22. Rc3 Qf6 23. f4 dxc5 24. bxc5 Rad8 25. Rd1 c6 26. Rg3+ Kh7 27. dxc6 Rxd1+
28. Qxd1 Rd8 29. Qc2 Bb8 30. Qc1 a5 31. Qc3 Qxc3 32. Rxc3 Bxf4 33. g3 Bc7 34.
Rc2 Kg6 35. Kf2 Kf6 36. Nd2 Ke6 37. Nf1 f4 38. gxf4 Bxf4 39. Rb2 Rb8 40. Ne3
Bxh2 41. Rd2 Rc8 42. Rd4 Rxc6 43. Rxe4+ Be5 44. Rh4 Bg7 45. Rf4 Kd7 46. Nf5 Bf8
47. Re4 Rxc5 0-1

[Event "63rd Bulgarian Team Championship"]
[Site "Sunny Beach"]
[Date "2013.09.23"]
[Round "5"]
[Board "3"]
[White "Petrov, Marijan"]
[Black "Milchev, Nikolay"]
[Result "1-0"]
[WhiteElo "2472"]
[BlackElo "2416"]
[PlyCount "71"]
[EventDate "2013.09.19"]
[EventType "team"]
[EventRounds "7"]
[EventCountry "BUL"]
[WhiteTeam "''Nayden Voynov'', Vidin"]
[BlackTeam "''Marek-Union Ivkoni'', Dupnitsa"]

1. e4 Nf6 2. e5 Nd5 3. d4 d6 4. Nf3 dxe5 5. Nxe5 c6 6. Be2 g6 7. O-O Bg7 8. c4
Nc7 9. f4 O-O 10. Be3 Nd7 11. Nc3 Nxe5 12. dxe5 f6 13. exf6 Bxf6 14. Qe1 Ne6
15. Rd1 Nd4 16. Kh1 c5 17. Ne4 Qb6 18. Nxf6+ exf6 19. b4 Nc2 20. Bxc5 Nxe1 21.
Bxb6 Nxg2 22. Bd4 Re8 23. Bf3 Nxf4 24. Bxf6 Bh3 25. Rf2 Rab8 26. Bg5 Ne6 27.
Bd5 Kg7 28. Bf6+ Kh6 29. Rd3 Bf5 30. Rg3 Rf8 31. Be5 Rbd8 32. Re2 b5 33. Bc3
Nf4 34. Re7 Rfe8 35. Bg7+ Kh5 36. Bf3+ 1-0

[Event "63rd Bulgarian Team Championship"]
[Site "Sunny Beach"]
[Date "2013.09.23"]
[Round "5"]
[Board "5"]
[White "Stefanov, Evtim"]
[Black "Mladenov, Plamen"]
[Result "0-1"]
[WhiteElo "2007"]
[BlackElo "2390"]
[PlyCount "82"]
[EventDate "2013.09.19"]
[EventType "team"]
[EventRounds "7"]
[EventCountry "BUL"]
[WhiteTeam "''Nayden Voynov'', Vidin"]
[BlackTeam "''Marek-Union Ivkoni'', Dupnitsa"]

1. e4 Nf6 2. e5 Nd5 3. d4 d6 4. c4 Nb6 5. exd6 exd6 6. Nc3 Be7 7. Nf3 Bg4 8. b3
a5 9. Be2 O-O 10. O-O a4 11. Be3 N8d7 12. h3 Bh5 13. Qc2 f5 14. Rac1 axb3 15.
axb3 Bg6 16. Bd3 Kh8 17. Ne2 Qe8 18. Nf4 Qf7 19. Nxg6+ hxg6 20. Bg5 Bf6 21. Qd2
Rfe8 22. Rfe1 Nf8 23. g4 Nh7 24. Qf4 fxg4 25. hxg4 Kg8 26. Bxf6 gxf6 27. Kg2
Nf8 28. Rh1 Qg7 29. Rh6 Ne6 30. Qh2 Nf8 31. Rh1 Re7 32. Rh8+ Kf7 33. Qf4 Ne6
34. Bxg6+ Qxg6 35. R1h7+ Ng7 36. Rh6 Re4 37. Rxg6 Rxf4 38. Rxa8 Nxa8 39. Rh6
Rxg4+ 40. Kh3 Rg6 41. Rh8 Ne8 {......70} 0-1

[Event "63rd Bulgarian Team Championship"]
[Site "Sunny Beach"]
[Date "2013.09.23"]
[Round "5"]
[Board "6"]
[White "Gochev, Mladen"]
[Black "Djingarova, Emilia"]
[Result "1/2-1/2"]
[WhiteElo "2258"]
[BlackElo "2292"]
[PlyCount "84"]
[EventDate "2013.09.19"]
[EventType "team"]
[EventRounds "7"]
[EventCountry "BUL"]
[WhiteTeam "''Marek-Union Ivkoni'', Dupnitsa"]
[BlackTeam "''Nayden Voynov'', Vidin"]

1. c4 e5 2. Nc3 d6 3. g3 f5 4. Bg2 Nf6 5. d4 exd4 6. Qxd4 Nc6 7. Qd2 Be7 8. Nh3
Ne5 9. b3 O-O 10. O-O Kh8 11. Bb2 Rb8 12. Rad1 a6 13. Nf4 Qe8 14. Nfd5 Nxd5 15.
Nxd5 Bd8 16. Qd4 Qf7 17. f4 Nc6 18. Qd3 Be6 19. e4 Ne7 20. e5 dxe5 21. Bxe5 Ng6
22. Bb2 c6 23. Nc3 Bb6+ 24. Kh1 Rfd8 25. Qc2 Bd4 26. Na4 Bxb2 27. Qxb2 b5 28.
cxb5 axb5 29. Nc5 Bd5 30. Na6 Rbc8 31. Nc5 Ne7 32. Qe5 Bxg2+ 33. Kxg2 Nd5 34.
Rfe1 Re8 35. Ne6 Qg6 36. Qd6 Rxe6 37. Rxe6 Nxf4+ 38. Qxf4 Qxe6 39. Rf1 Qe4+ 40.
Qxe4 fxe4 41. Rc1 Kg8 42. Kf2 Kf7 1/2-1/2

[Event "63rd Bulgarian Team Championship"]
[Site "Sunny Beach"]
[Date "2013.09.23"]
[Round "5"]
[Board "1"]
[White "Ninov, Nikolai"]
[Black "Shishkov, Minko"]
[Result "1-0"]
[WhiteElo "2463"]
[BlackElo "2278"]
[PlyCount "71"]
[EventDate "2013.09.19"]
[EventType "team"]
[EventRounds "7"]
[EventCountry "BUL"]
[WhiteTeam "''Lokomotiv'', Sofia"]
[BlackTeam "''Maritsa-Iztok'', Radnevo"]

1. e4 d5 2. exd5 Qxd5 3. Nc3 Qd6 4. d4 Nf6 5. Nf3 g6 6. Nb5 Qd8 7. c4 c6 8. Nc3
Bg7 9. Bf4 O-O 10. h3 c5 11. d5 a6 12. Be2 b5 13. Nd2 Bb7 14. Bf3 Nbd7 15. O-O
Nb6 16. Qb3 Qd7 17. Rad1 b4 18. Nce4 Nxe4 19. Nxe4 Rac8 20. Be3 Na4 21. Rb1 h6
22. Bd1 f5 23. Qxa4 Qxa4 24. Bxa4 fxe4 25. Bd7 Rc7 26. Be6+ Kh7 27. b3 Be5 28.
Rbe1 Bc3 29. Re2 Rf6 30. Bc1 Bc8 31. Bxc8 Rxc8 32. Rxe4 e5 33. dxe6 Re8 34. Be3
Rfxe6 35. Rxe6 Rxe6 36. Rd1 1-0

[Event "63rd Bulgarian Team Championship"]
[Site "Sunny Beach"]
[Date "2013.09.23"]
[Round "5"]
[Board "2"]
[White "Marholev, Dimitar"]
[Black "Genov, Petar"]
[Result "1/2-1/2"]
[WhiteElo "2325"]
[BlackElo "2455"]
[PlyCount "73"]
[EventDate "2013.09.19"]
[EventType "team"]
[EventRounds "7"]
[EventCountry "BUL"]
[WhiteTeam "''Maritsa-Iztok'', Radnevo"]
[BlackTeam "''Lokomotiv'', Sofia"]

1. d4 Nf6 2. Nf3 e6 3. g3 b6 4. Bg2 Bb7 5. O-O Be7 6. c4 c6 7. Nc3 d5 8. Ne5
O-O 9. e4 Na6 10. Re1 dxc4 11. a4 Nb4 12. Be3 Rc8 13. Nxc4 c5 14. dxc5 Bxc5 15.
Bxc5 Rxc5 16. Nd6 Ba6 17. Bf1 Bxf1 18. Rxf1 Qe7 19. f4 e5 20. Nf5 Qe6 21. Qd6
Qxd6 22. Nxd6 Nd3 23. fxe5 Rxe5 24. Nc4 Rc5 25. b3 Nb2 26. Rf5 Rfc8 27. Rxc5
Rxc5 28. e5 Nxc4 29. exf6 Nd2 30. Nb5 gxf6 31. Nxa7 Rc2 32. b4 Nf3+ 33. Kf1
Nxh2+ 34. Ke1 Nf3+ 35. Kf1 Nh2+ 36. Kg1 Nf3+ 37. Kf1 1/2-1/2

[Event "63rd Bulgarian Team Championship"]
[Site "Sunny Beach"]
[Date "2013.09.23"]
[Round "5"]
[Board "3"]
[White "Georgiev, Krum"]
[Black "Kukov, Velislav"]
[Result "1/2-1/2"]
[WhiteElo "2448"]
[BlackElo "2410"]
[PlyCount "61"]
[EventDate "2013.09.19"]
[EventType "team"]
[EventRounds "7"]
[EventCountry "BUL"]
[WhiteTeam "''Lokomotiv'', Sofia"]
[BlackTeam "''Maritsa-Iztok'', Radnevo"]

1. e4 d6 2. d4 e5 3. dxe5 dxe5 4. Qxd8+ Kxd8 5. Nc3 c6 6. f4 Nd7 7. Nf3 f6 8.
fxe5 Nxe5 9. Bf4 Bd6 10. O-O-O Kc7 11. Bg3 Nh6 12. Be2 Bg4 13. Nxe5 Bxe5 14.
Bxe5+ fxe5 15. Rhf1 Rhf8 16. Rxf8 Rxf8 17. Rf1 Rxf1+ 18. Bxf1 Kd6 19. Kd2 Ng8
20. Be2 Bxe2 21. Kxe2 Nf6 22. Kd3 Nd7 23. Ke3 Nf6 24. Kd3 Nd7 25. Ke3 Nf6 26.
Kd3 Ng4 27. h3 Nf6 28. Ne2 Nd7 29. Ke3 Nf6 30. Kd3 Nd7 31. Ke3 1/2-1/2

[Event "63rd Bulgarian Team Championship"]
[Site "Sunny Beach"]
[Date "2013.09.23"]
[Round "5"]
[Board "4"]
[White "Panbukchian, Valentin"]
[Black "Ivanov, Jordan"]
[Result "1/2-1/2"]
[WhiteElo "2330"]
[BlackElo "2385"]
[PlyCount "79"]
[EventDate "2013.09.19"]
[EventType "team"]
[EventRounds "7"]
[EventCountry "BUL"]
[WhiteTeam "''Maritsa-Iztok'', Radnevo"]
[BlackTeam "''Lokomotiv'', Sofia"]

1. f4 c5 2. Nf3 Nc6 3. g3 g6 4. Bg2 Bg7 5. O-O Nf6 6. d3 O-O 7. e4 d6 8. Nbd2
Rb8 9. Re1 b5 10. Nf1 b4 11. e5 Nd5 12. h3 dxe5 13. fxe5 Nd4 14. N1d2 Bb7 15.
Nxd4 cxd4 16. Nb3 Nc7 17. Bxb7 Rxb7 18. a3 a5 19. Nxa5 Rb5 20. Nc4 bxa3 21.
Rxa3 Nd5 22. Bd2 Qd7 23. Kh2 Nb6 24. Nxb6 Rxb6 25. b3 Rb5 26. Ra5 Rxa5 27. Bxa5
Qb5 28. Bd2 Bxe5 29. Qe2 Bg7 30. Qxe7 Qc6 31. Bb4 Qxc2+ 32. Qe2 Qxe2+ 33. Rxe2
Rb8 34. Bd6 Rd8 35. Bc5 Bf8 36. Bb6 Rd6 37. Bc5 Rd5 38. Ba7 f5 39. Re8 Kf7 40.
Rc8 1/2-1/2

[Event "63rd Bulgarian Team Championship"]
[Site "Sunny Beach"]
[Date "2013.09.23"]
[Round "5"]
[Board "5"]
[White "Serafimov, Tervel"]
[Black "Pantev, Veselin"]
[Result "1/2-1/2"]
[WhiteElo "2433"]
[BlackElo "2408"]
[PlyCount "59"]
[EventDate "2013.09.19"]
[EventType "team"]
[EventRounds "7"]
[EventCountry "BUL"]
[WhiteTeam "''Lokomotiv'', Sofia"]
[BlackTeam "''Maritsa-Iztok'', Radnevo"]

1. g3 Nf6 2. Bg2 d5 3. Nf3 c6 4. O-O Bf5 5. d3 e6 6. c4 dxc4 7. dxc4 Nbd7 8.
Nc3 Be7 9. Nh4 Bg6 10. Nxg6 hxg6 11. h3 O-O 12. Ne4 Nxe4 13. Bxe4 Qc7 14. Be3
Rfd8 15. Qc2 Bc5 16. Bxc5 Nxc5 17. Rfd1 a5 18. Bf3 Kf8 19. Qc3 Rxd1+ 20. Rxd1
Rd8 21. Rxd8+ Qxd8 22. Qe5 Na6 23. Kg2 Qc7 24. Qg5 e5 25. Qe3 Qd8 26. Qa7 Qb8
27. Qb6 Qc7 28. Qa7 Qb8 29. Qb6 Qc7 30. Qa7 1/2-1/2

[Event "63rd Bulgarian Team Championship"]
[Site "Sunny Beach"]
[Date "2013.09.23"]
[Round "5"]
[Board "6"]
[White "Badev, Kiril"]
[Black "Todorov, Ognjan"]
[Result "1/2-1/2"]
[WhiteElo "2343"]
[BlackElo "2252"]
[PlyCount "62"]
[EventDate "2013.09.19"]
[EventType "team"]
[EventRounds "7"]
[EventCountry "BUL"]
[WhiteTeam "''Maritsa-Iztok'', Radnevo"]
[BlackTeam "''Lokomotiv'', Sofia"]

1. e4 c5 2. Nf3 e6 3. Nc3 a6 4. d4 cxd4 5. Nxd4 Qc7 6. Be2 Nf6 7. O-O Be7 8. f4
d6 9. a4 Nc6 10. Kh1 O-O 11. Be3 Bd7 12. Nb3 b6 13. g4 d5 14. e5 Ne4 15. Nxe4
dxe4 16. c3 f6 17. exf6 Bxf6 18. Nd2 Ne7 19. Nxe4 Bc6 20. Bf3 Nd5 21. Qe2 Be7
22. Ng3 Bd6 23. Bd2 Kh8 24. Qg2 Nxf4 25. Bxf4 Bxf3 26. Rxf3 Bxf4 27. Raf1 e5
28. Qe2 Qc6 29. Qe4 Qxe4 30. Nxe4 Rfd8 31. Kg2 Rac8 1/2-1/2

[Event "63rd Bulgarian Team Championship"]
[Site "Sunny Beach"]
[Date "2013.09.23"]
[Round "5"]
[Board "1"]
[White "Grigorov, Grigor"]
[Black "Spasov, Vasil"]
[Result "1/2-1/2"]
[WhiteElo "2490"]
[BlackElo "2573"]
[PlyCount "62"]
[EventDate "2013.09.19"]
[EventType "team"]
[EventRounds "7"]
[EventCountry "BUL"]
[WhiteTeam "''Lokomotiv 2000'', Plovdiv"]
[BlackTeam "''Lokomotiv'', Plovdiv"]

1. d4 Nf6 2. c4 g6 3. Nf3 Bg7 4. g3 d6 5. Bg2 O-O 6. O-O Nbd7 7. Nc3 e5 8. e4
exd4 9. Nxd4 Re8 10. h3 Nc5 11. Re1 Bd7 12. Rb1 h6 13. b4 Ne6 14. Nde2 Ng5 15.
Nf4 Qc8 16. h4 Nh3+ 17. Nxh3 Bxh3 18. Nd5 Bxg2 19. Nxf6+ Bxf6 20. Kxg2 h5 21.
Bb2 Bxb2 22. Rxb2 a5 23. a3 axb4 24. axb4 Qe6 25. Qd5 Qxd5 26. cxd5 c6 27. dxc6
bxc6 28. Rd1 Rxe4 29. Rxd6 Rc4 30. b5 cxb5 31. Rb6 Rc5 1/2-1/2

[Event "63rd Bulgarian Team Championship"]
[Site "Sunny Beach"]
[Date "2013.09.23"]
[Round "5"]
[Board "3"]
[White "Arnaudov, G. Petar"]
[Black "Petkov, Vladimir"]
[Result "0-1"]
[WhiteElo "2487"]
[BlackElo "2564"]
[PlyCount "78"]
[EventDate "2013.09.19"]
[EventType "team"]
[EventRounds "7"]
[EventCountry "BUL"]
[WhiteTeam "''Lokomotiv 2000'', Plovdiv"]
[BlackTeam "''Lokomotiv'', Plovdiv"]

1. d4 d5 2. c4 e6 3. Nc3 Nf6 4. Nf3 c5 5. cxd5 Nxd5 6. e4 Nxc3 7. bxc3 cxd4 8.
cxd4 Bb4+ 9. Bd2 Bxd2+ 10. Qxd2 O-O 11. Bc4 b6 12. O-O Bb7 13. Rfe1 Nd7 14. d5
Nc5 15. Rad1 Qf6 16. Qd4 Rad8 17. Qxf6 gxf6 18. dxe6 fxe6 19. Nd4 Kf7 20. Nb3
Nxb3 21. Bxb3 Rxd1 22. Rxd1 Ke7 23. Ba4 Rd8 24. Rxd8 Kxd8 25. Bc2 e5 26. f4
exf4 27. Kf2 Ba6 28. Kf3 Bf1 29. Kxf4 Bxg2 30. e5 fxe5+ 31. Kxe5 h6 32. Kf6 Bf3
33. h4 b5 34. Bg6 b4 35. h5 a5 36. Kg7 Ke7 37. Kxh6 Kf6 38. Bb1 Bg4 39. Bg6 Be6
0-1

[Event "63rd Bulgarian Team Championship"]
[Site "Sunny Beach"]
[Date "2013.09.23"]
[Round "5"]
[Board "4"]
[White "Yanev, Tihomir"]
[Black "Kozhuharov, Spas"]
[Result "1-0"]
[WhiteElo "2424"]
[BlackElo "2453"]
[PlyCount "81"]
[EventDate "2013.09.19"]
[EventType "team"]
[EventRounds "7"]
[EventCountry "BUL"]
[WhiteTeam "''Lokomotiv'', Plovdiv"]
[BlackTeam "''Lokomotiv 2000'', Plovdiv"]

1. Nf3 Nf6 2. g3 d5 3. Bg2 c6 4. O-O Bf5 5. d3 h6 6. c4 dxc4 7. dxc4 Qxd1 8.
Rxd1 Nbd7 9. b4 e6 10. b5 c5 11. Bb2 O-O-O 12. Ne5 Nxe5 13. Rxd8+ Kxd8 14. Bxe5
Nd7 15. Bc3 Kc8 16. Nd2 Nb6 17. a4 Rg8 18. a5 Nd7 19. b6 a6 20. Nf3 Be4 21. Rd1
Bc6 22. Ne5 Nxe5 23. Bxe5 Bxg2 24. Kxg2 Be7 25. Rd3 h5 26. h3 g6 27. Bc7 Re8
28. Kf3 f5 29. Bd6 g5 30. Bxe7 Rxe7 31. Rd6 Rd7 32. Rxe6 Rd4 33. Re8+ Kd7 34.
Rb8 Rxc4 35. Rxb7+ Kc6 36. Rc7+ Kd5 37. Ra7 Rb4 38. Rxa6 c4 39. Ke3 Rb3+ 40.
Kd2 c3+ 41. Kd3 1-0

[Event "63rd Bulgarian Team Championship"]
[Site "Sunny Beach"]
[Date "2013.09.23"]
[Round "5"]
[Board "5"]
[White "Bratanov, Zsivko"]
[Black "Lalev, Dimitar"]
[Result "0-1"]
[WhiteElo "2435"]
[BlackElo "2376"]
[PlyCount "68"]
[EventDate "2013.09.19"]
[EventType "team"]
[EventRounds "7"]
[EventCountry "BUL"]
[WhiteTeam "''Lokomotiv 2000'', Plovdiv"]
[BlackTeam "''Lokomotiv'', Plovdiv"]

1. c4 c5 2. g3 Nc6 3. Bg2 g6 4. Nc3 Bg7 5. a3 d6 6. d3 e6 7. e4 Nge7 8. Nge2
Qd7 9. Be3 Nd4 10. Rb1 b6 11. O-O Bb7 12. b4 O-O 13. Qd2 f5 14. Bh6 Nec6 15.
Bxg7 Qxg7 16. f4 Nxe2+ 17. Nxe2 Nd4 18. Nc3 Rae8 19. Rbe1 Kh8 20. h4 e5 21. Kh2
exf4 22. Rxf4 Qh6 23. exf5 Bxg2 24. Kxg2 gxf5 25. Nd5 Re5 26. Rxe5 dxe5 27. Rf2
f4 28. Kh1 Rg8 29. Rg2 Qe6 30. Nxf4 exf4 31. Qxf4 Qh3+ 32. Kg1 Ne2+ 33. Rxe2
Rxg3+ 34. Kf2 Qh2+ 0-1

[Event "63rd Bulgarian Team Championship"]
[Site "Sunny Beach"]
[Date "2013.09.23"]
[Round "5"]
[Board "6"]
[White "Popov, Luben"]
[Black "Spassov, Liuben"]
[Result "1/2-1/2"]
[WhiteElo "2313"]
[BlackElo "2327"]
[PlyCount "61"]
[EventDate "2013.09.19"]
[EventType "team"]
[EventRounds "7"]
[EventCountry "BUL"]
[WhiteTeam "''Lokomotiv'', Plovdiv"]
[BlackTeam "''Lokomotiv 2000'', Plovdiv"]

1. d4 Nf6 2. c4 e6 3. Nf3 Bb4+ 4. Bd2 a5 5. g3 b6 6. Bg2 Bb7 7. O-O Bxd2 8.
Qxd2 O-O 9. Nc3 Ne4 10. Nxe4 Bxe4 11. Rac1 d6 12. Rfd1 Nd7 13. b3 Qe7 14. Qc3
h6 15. Ne1 Bxg2 16. Kxg2 e5 17. dxe5 Nxe5 18. Nf3 Nxf3 19. Qxf3 Rfe8 20. e3 Qe4
21. Qxe4 Rxe4 22. Rd4 Rxd4 23. exd4 Re8 24. Kf1 Kf8 25. d5 Re5 26. Re1 f5 27.
f4 Rxe1+ 28. Kxe1 Ke7 29. Ke2 Kf6 30. Kf3 h5 31. h4 1/2-1/2

[Event "63rd Bulgarian Team Championship"]
[Site "Sunny Beach"]
[Date "2013.09.23"]
[Round "5"]
[Board "1"]
[White "Tonkov, Bojan"]
[Black "Rusev, Krasimir"]
[Result "1/2-1/2"]
[WhiteElo "2323"]
[BlackElo "2561"]
[PlyCount "93"]
[EventDate "2013.09.19"]
[EventType "team"]
[EventRounds "7"]
[EventCountry "BUL"]
[WhiteTeam "''Energiya 21'', Dobrich"]
[BlackTeam "''Abritus'', Razgrad"]

1. d4 Nf6 2. Nf3 e6 3. c4 d5 4. g3 Be7 5. Bg2 O-O 6. O-O dxc4 7. Ne5 Nc6 8.
Bxc6 bxc6 9. Nxc6 Qe8 10. Nxe7+ Qxe7 11. Qc2 c5 12. Qxc4 cxd4 13. Qxd4 e5 14.
Qh4 h6 15. Nc3 Bb7 16. Be3 Qe6 17. f3 Rfc8 18. Qb4 Rcb8 19. Qa5 h5 20. Rf2 Ng4
21. fxg4 Qc6 22. Qd5 Qxd5 23. Nxd5 Bxd5 24. gxh5 Rxb2 25. a3 a5 26. h6 Rab8 27.
hxg7 Kxg7 28. Bg5 Kg6 29. Be7 Rb1+ 30. Rxb1 Rxb1+ 31. Rf1 Rxf1+ 32. Kxf1 Kf5
33. h3 a4 34. Kf2 Ke6 35. Bb4 f5 36. Bd2 Bc6 37. e3 Be4 38. g4 fxg4 39. hxg4
Bd5 40. Kg3 Kf7 41. Kh4 Kg6 42. Bc3 e4 43. Kg3 Bc4 44. Kf4 Bd3 45. Ba5 Bc2 46.
Bd8 Bd3 47. Bc7 1/2-1/2

[Event "63rd Bulgarian Team Championship"]
[Site "Sunny Beach"]
[Date "2013.09.23"]
[Round "5"]
[Board "2"]
[White "Georgiev, Vladimir"]
[Black "Manolov, Ivan"]
[Result "1-0"]
[WhiteElo "2549"]
[BlackElo "2197"]
[PlyCount "77"]
[EventDate "2013.09.19"]
[EventType "team"]
[EventRounds "7"]
[EventCountry "BUL"]
[WhiteTeam "''Abritus'', Razgrad"]
[BlackTeam "''Energiya 21'', Dobrich"]

1. d4 Nf6 2. Nf3 c5 3. d5 e6 4. c4 exd5 5. cxd5 d6 6. e4 Nbd7 7. Bd3 g6 8. O-O
Bg7 9. Bf4 Qe7 10. Nbd2 O-O 11. Nc4 Ne8 12. Qc2 b6 13. a4 Ba6 14. Rfe1 Bxc4 15.
Bxc4 Ne5 16. Nd2 Nc7 17. Bg3 a6 18. Bf1 b5 19. f4 Nd7 20. Nf3 c4 21. Bh4 Bf6
22. Bf2 Bg7 23. Rad1 Rfe8 24. e5 Qf8 25. b3 dxe5 26. bxc4 bxc4 27. Qxc4 Qd6 28.
Qc6 Bf8 29. fxe5 Qxc6 30. dxc6 Nc5 31. Ng5 N7e6 32. Nxe6 Nxe6 33. Rc1 Bb4 34.
Red1 Ba5 35. Rd7 Bc7 36. Bc4 Bxe5 37. c7 Rec8 38. Bxe6 fxe6 39. Bb6 1-0

[Event "63rd Bulgarian Team Championship"]
[Site "Sunny Beach"]
[Date "2013.09.23"]
[Round "5"]
[Board "3"]
[White "Dobrev, Nayden"]
[Black "Chatalbashev, Boris"]
[Result "1/2-1/2"]
[WhiteElo "2311"]
[BlackElo "2537"]
[PlyCount "75"]
[EventDate "2013.09.19"]
[EventType "team"]
[EventRounds "7"]
[EventCountry "BUL"]
[WhiteTeam "''Energiya 21'', Dobrich"]
[BlackTeam "''Abritus'', Razgrad"]

1. e4 d5 2. exd5 Qxd5 3. Nc3 Qd6 4. d4 Nf6 5. Nf3 g6 6. Be2 Bg7 7. O-O O-O 8.
Nb5 Qb6 9. c4 c6 10. Nc3 Rd8 11. Na4 Qc7 12. Qb3 Bg4 13. Be3 Nbd7 14. Rfe1 e5
15. Nxe5 Nxe5 16. dxe5 Qxe5 17. h3 Bxe2 18. Rxe2 Qc7 19. Rae1 Re8 20. Qc2 Nd7
21. b3 Nf8 22. Qc1 Ne6 23. Nc5 Nd4 24. Rd2 Nf5 25. Rd7 Qa5 26. Nxb7 Qxa2 27. g4
Nxe3 28. Rxe3 Rf8 29. Qd1 a5 30. Qf3 a4 31. bxa4 Rxa4 32. Re8 Qxc4 33. Rxf8+
Bxf8 34. Nd8 Qc1+ 35. Rd1 Qf4 36. Qxf4 Rxf4 37. Nxc6 Bc5 38. Rd2 1/2-1/2